1732 1439 1514 1973 1164 1374 1128 1788 1502 1569 1562 1596 1632 1628 1363 1615 1866 1095 1444 1996 1776 1333 1421 1091 1946 1706 1630 1017 1729 1038 1526 1187 1706 1771 1350 1757 1135 1031 1211 1481 1783 1665 1488 1675 1326 1309 1365 1243 1780 1220 1780 1256 1067 1472 1410 1435 1139 1606 1781 1845 1994 1960 1652 1429 1215 1561 1628 1911 1105 1974 1336 1709 1508 1103 1596 1396 1102 1948 1558 1185 1027 1769 1563 1350 1062 1183 1734 1874 1207 1531 1925 1393 1283 1782 1718 1615 1712 1399 1064 BCNSPRNW ULIB Ver.6.0+V

เปลี่ยนเป็นภาษาไทย

Change to English
 แสดงรายละเอียดบรรณานุกรม
  กลับหน้าหลัก

Brief Record : Get Marc (ISO 2709) : E-mail record : QR code < ปิดหน้าต่าง
LEADER : 00000nam 2200000uu 4500
001    13399115259
003     ULIB
008    120809s2554||||th 000 0 tha d
020    ^a9786167375656
060  4 ^aWF225^bว473C
100 0  ^aวิวัฒนา ถนอมเกียรติ
245 10 ^aChest X-ray : กรณีศึกษา clinicopathological correlation และความคิดเชิงพิจารณ์ Diffuse lung disease เล่ม 1 /^cวิวัฒนา ถนอมเกียรติ
250    ^aพิมพ์ครั้งที่ 1
260    ^aสงขลา :^bชานเมืองการพิมพ์;^c2554
300    ^a96 หน้า:^bภาพประกอบ;^c26ซม.
650  7 ^aDiagnostic Imaging
650  7 ^aRadiography
650  7 ^aทรวงอก^xการบันทึกภาพด้วยรังสี
650  7 ^aทรวงอก^xการถ่ายเอ็กซเรย์ก้อนในทรวงอก
945    ^p220^l0^i19174
995    ^a ทศพร
999 ^a ใช้งานได้ทุกระบบ
รายการนี้ยังไม่มีแท็ก
คุณยังไม่ได้ล็อกอิน คุณสามารถมีกิจกรรมร่วมกับเว็บไซต์ได้ แต่ต้องล็อกอินก่อน ::
  ล็อกอิน

รายการสื่อสารสนเทศ

ลำดับที่ ประเภท เลขเรียก/บาร์โค้ด สถานที่ สถานะ
1. วิทยาศาสตร์การแพทย์ และสุขภาพ
วิทยาศาสตร์การแพทย์ และสุขภาพ
สถานะ=หนังสือเก่า
WF225 ว473C ฉ.1 
  Barcode: 19174
ห้องสมุดวิทยาเขตนครสวรรค์
►ส่วนจัดเก็บหนังสือเก่า นว.
บนชั้น
  ขอยืม

รายการใกล้เคียง
    ผู้แต่ง [วิวัฒนา ถนอมเกียรติ]

    หัวเรื่อง [Diagnostic Imaging]
    หัวเรื่อง [Radiography]

BibComment


ยังไม่เคยถูกคอมเมนท์

คอมเมนท์ทรัพยากรรายการนี้
  คอมเมนท์: Chest Xray กรณี..


 Copyright 2026. Bcnsprnw @Library